| 000 | 00772nam a22003010a 4500 | ||
|---|---|---|---|
| 001 | PT52272 | ||
| 003 | AR-LpoUNG | ||
| 005 | 20210131231508.0 | ||
| 008 | 191001s2014||||ag |||||||||||||||||spa d | ||
| 020 |
_a9789875781504 _c$37 |
||
| 040 |
_aAR-LpoUNG _bspa _cAR-LpoUNG _eaacr |
||
| 041 | _aspa | ||
| 044 | _aag | ||
| 082 | 0 | _aA863 827tod | |
| 100 | 1 | _aCortázar, Julio | |
| 245 | 1 | 0 | _aTodos los fuegos el fuego |
| 250 | _a1ra. ed., 3ra. reimpr. | ||
| 260 |
_aBuenos Aires : _bPunto de lectura, _cabril 2014. |
||
| 300 |
_a183 p. : _bfot. |
||
| 650 | 4 | _aARGENTINA | |
| 650 | 4 | _aCUENTOS | |
| 650 | 4 | _aFICCION | |
| 650 | 4 | _aLITERATURA | |
| 651 | 4 | _aDOCUMENTOS TEORICOS O METODOLOGICOS | |
| 653 | _aLITERATURA ARGENTINA | ||
| 905 | _a52272 | ||
| 942 | _cLIB | ||
| 999 |
_c10350 _d10350 |
||